Evaluación del sistema de protección catódica del patio de tanques de la terminal Barranca-Recope

保存先:
書誌詳細
第一著者: Alpízar Chaves, William
フォーマット: 図書
出版事項: San José, Costa Rica 1993
主題:
タグ: タグ追加
タグなし, このレコードへの初めてのタグを付けませんか!

MARC

LEADER 00000nam a2200000Ia 4500
003 006061
005 20221231144316.0
008 140114s1993 cr a m 000 ||s d
040 |c cru CEDI 
090 |a TFG 2744 
100 |a Alpízar Chaves, William  |9 12084 
245 |a Evaluación del sistema de protección catódica del patio de tanques de la terminal Barranca-Recope 
260 |c 1993  |a San José, Costa Rica 
300 |a  xii, 85 hojas : ilustraciones ; 28 cm.  
500 |a  Tesis (licenciatura en ingeniería mecánica)--Universidad de Costa Rica. Facultad de Ingeniería. Escuela de Ingeniería Mecánica 
650 |x PROTECCION CATODICA  |9 12085 
942 |c TFG  |2 ddc 
999 |c 19935  |d 19935